<?xml version="1.0" encoding="UTF-8"?>
<marc:record xmlns:marc="http://www.loc.gov/MARC21/slim">
   <marc:leader>00000nam a2200000 a 4500</marc:leader>
   <marc:datafield ind1="1" ind2=" " tag="100">
      <marc:subfield code="a">Speulhof, Barbara van den</marc:subfield>
      <marc:subfield code="4">aut</marc:subfield>
      <marc:subfield code="e">Verfasser/-in</marc:subfield>
   </marc:datafield>
   <marc:datafield ind1="0" ind2="0" tag="245">
      <marc:subfield code="a">Der Grolltroll</marc:subfield>
   </marc:datafield>
   <marc:datafield ind1=" " ind2="1" tag="264">
      <marc:subfield code="b">Coppenrath</marc:subfield>
      <marc:subfield code="c">2018</marc:subfield>
   </marc:datafield>
   <marc:datafield ind1="1" ind2=" " tag="520">
      <marc:subfield code="a">Es könnte alles so schön sein! Wäre da nicht die blöde Hütte, die immer wieder zusammenkracht, oder der dumme Baum, von dem einfach kein Apfel herunterfallen will … Den Frust und die Wut, wenn Dinge nicht so laufen, wie man es sich wünscht, kennt jeder. Auch der Grolltroll. Was aber tun, wenn die ganz große Wut kommt und uns einfach überrollt? Das Bilderbuch von aprilkind, Barbara van den Speulhof und Stephan Pricken hilft, ihr spielerisch ein Ende zu setzen.</marc:subfield>
   </marc:datafield>
   <marc:datafield ind1=" " ind2=" " tag="020">
      <marc:subfield code="a">9783649628934</marc:subfield>
      <marc:subfield code="9">9783649628934</marc:subfield>
   </marc:datafield>
</marc:record>
